Herman ṿe-Doroteʼah : (Record no. 32677)

MARC details
000 -LEADER
fixed length control field 00731cam a22002411 4500
001 - CONTROL NUMBER
control field he 67001899
003 - CONTROL NUMBER IDENTIFIER
control field DLC
005 - DATE AND TIME OF LATEST TRANSACTION
control field 20260227111450.0
008 - FIXED-LENGTH DATA ELEMENTS--GENERAL INFORMATION
fixed length control field 840307s1967 is 000 0 heb
010 ## - LIBRARY OF CONGRESS CONTROL NUMBER
LC control number he 67001899
035 ## - SYSTEM CONTROL NUMBER
System control number (OCoLC)19151970
040 ## - CATALOGING SOURCE
Original cataloging agency DLC
Transcribing agency MH
Modifying agency DLC
041 1# - LANGUAGE CODE
Language code of text/sound track or separate title heb
Language code of original ger
042 ## - AUTHENTICATION CODE
Authentication code premarc
050 00 - LIBRARY OF CONGRESS CALL NUMBER
Classification number PT2034.H4
Item number H37
100 1# - MAIN ENTRY--PERSONAL NAME
Personal name Goethe, Johann Wolfgang von,
Dates associated with a name 1749-1832.
240 10 - UNIFORM TITLE
Uniform title Hermann und Dorothea.
Language of a work Hebrew
245 10 - TITLE STATEMENT
Title Herman ṿe-Doroteʼah :
Remainder of title epopeʼah be-tishʻah shirim /
Statement of responsibility, etc. tirgem Yosef Likhṭenbom.
260 ## - PUBLICATION, DISTRIBUTION, ETC.
Place of publication, distribution, etc. [Tel Aviv] :
Name of publisher, distributor, etc. Alef,
Date of publication, distribution, etc. [1967]
300 ## - PHYSICAL DESCRIPTION
Extent 109 p. :
Other physical details ill., port. ;
Dimensions 23 cm.
700 1# - ADDED ENTRY--PERSONAL NAME
Personal name Lichtenbaum, Joseph,
Dates associated with a name 1895-1968,
Relator term tr.
752 ## - ADDED ENTRY--HIERARCHICAL PLACE NAME
Country or larger entity Israel
City Tel Aviv

No items available.

Powered by Koha